Current trends in oil and gas industries
Vývoj energetického priemyslu. Energetika a jej význam pre hospodársky vývoj krajín. Súčasné trendy v ropnom priemysle. Súčasné trendy v plynárenskom priemysle.
Guardado en:
| Autor principal: | |
|---|---|
| Formato: | Capítulo de libro |
| Lenguaje: | inglés |
| Materias: | |
| Etiquetas: |
Sin Etiquetas, Sea el primero en etiquetar este registro!
|
MARC
| LEADER | 00000naa$a2200000$$$4500 | ||
|---|---|---|---|
| 001 | 0099542 | ||
| 005 | 20231107112308.9 | ||
| 041 | 0 | |a eng | |
| 044 | |a SK | ||
| 245 | 1 | 0 | |a Current trends in oil and gas industries |c Milan Vošta |
| 520 | |a Vývoj energetického priemyslu. Energetika a jej význam pre hospodársky vývoj krajín. Súčasné trendy v ropnom priemysle. Súčasné trendy v plynárenskom priemysle. | ||
| 610 | 2 | 0 | |a energetika |
| 610 | 2 | 0 | |a ropa |
| 610 | 2 | 0 | |a plyn |
| 610 | 2 | 0 | |a vývoj hospodársky |
| 100 | 1 | |a Vošta, Milan | |